Improve your golf

Bibliographic Details
Format: Book
Subjects:

MARC

LEADER 00000cam a2200000 7i4500
001 0000034496
005 20110705.0
020 |a T000003824 
090 0 0 |a 796.352   |b IMP 
245 0 0 |a Improve your golf 
300 |a 360 p. :   |b ill. ;   |c 30 cm. 
650 0 0 |a Golf   |x Techniques   |x Periodicals 
999 |a 038339   |b BUKU   |c RUJUKAN   |e PERPUSTAKAAN KOMUNITI PETALING JAYA